| 000 | 00546cam a2200193ua 4500 | ||
|---|---|---|---|
| 020 |
_a81 224 0862 1 _c120.00 |
||
| 041 |
_aeng _h |
||
| 082 |
_a541.394 _bKAL/CH |
||
| 100 | _aKalidas, C . | ||
| 245 |
_aChemical kinetic methods: principles of relaxation, technics and applications / _cC Kalidas. _hTextual Documents |
||
| 260 |
_aNew Delhi : _bNew Age International Ltd , _c1996. |
||
| 300 | _a243 ; . | ||
| 365 | _a120.00 | ||
| 504 | _a | ||
| 942 | _cBK | ||
| 999 |
_c10322 _d10322 |
||